000 00217nam a22000857a 4500
008 160829b xxu||||| |||| 00| 0 eng d
100 _9259
_aKidz Om
245 _a101 wonders of the World
260 _aNew Delhi
_bOm Kidz
_c2012
999 _c2917
_d2917